Wszystkie piosenki - Janusz Walczuk - Statystyki

Ogólne statystyki
  • Ten quiz został rozwiązany 89 razy
    24 od ostatniego zresetowania
  • Średni wynik to 10 z 85
Statystyki odpowiedzi
Hint Odpowiedź % Poprawnych
Janusz Walczuk Janusz Walczuk
100%
Kendo Sady Żoliborskie
50%
Jan Walczuk (Deluxe) Jan Walczuk
44%
Jan Walczuk (Deluxe) ZAZA (feat. Duszyn)
44%
Janusz Walczuk Cześć, jestem Jaś
38%
Kendo Droga wojownika
38%
Janusz Walczuk Offside
38%
Jan Walczuk (Deluxe) Teleport (feat. Diffi, Waima, Xad & yezusslime)
38%
Janusz Walczuk Wracam na Żoliborz
38%
Jan Walczuk (Deluxe) IDOL
31%
Jan Walczuk (Deluxe) Mój sport
31%
Janusz Walczuk 22 (feat. Jan-Rapowanie)
25%
Janusz Walczuk Amsterdam (feat. Young Igi)
25%
Kendo Kendo intro
25%
Jan Walczuk (Deluxe) Nienawidzę Janusza Walczuka
25%
Janusz Walczuk Nie wiem jak (feat. Young Leosia)
25%
Jan Walczuk (Deluxe) Part III: Ti amo skit
25%
Jan Walczuk (Deluxe) Part I: Showbiznes skit
25%
Jan Walczuk (Deluxe) Showbiznes (feat. Margaret)
25%
Jan Walczuk (Deluxe) Ti amo
25%
Kendo 3 ciastka
19%
Janusz Walczuk Adios (feat. Białas)
19%
Kendo Bushido (feat. Pedro)
19%
Jan Walczuk (Deluxe) Komu w drogę temu pass (feat. Young Leosia)
19%
Janusz Walczuk MDK (feat. Levvska)
19%
Jan Walczuk (Deluxe) Wielki powrót (feat. B24)
19%
Jan Walczuk (Deluxe) 777 (feat. Pliki)
13%
Jan Walczuk (Deluxe) Bankomat (feat. Yah00)
13%
Jan Walczuk (Deluxe) Bestie (feat. Klaudyna Okuszko)
13%
Jan Walczuk (Deluxe) Carbonara
13%
Janusz Walczuk Łakomy kąsek (feat. Smolasty)
13%
Jan Walczuk (Deluxe) Open Bar (feat. Pliki)
13%
Jan Walczuk (Deluxe) Part IV: Deluxe skit
13%
Janusz Walczuk Tak mi ucieka czas
13%
Janusz Walczuk Cały czas coś (feat. Garson)
6%
Jan Walczuk (Deluxe) Fly (feat. Clementino)
6%
Jan Walczuk (Deluxe) Magnituda
6%
Jan Walczuk (Deluxe) Miasto (tak to wygląda) (feat. Kaz Bałagane)
6%
INAKOMA Moje miasto śpi (feat. ADM)
6%
Janusz Walczuk Muszę o siebie dbać (feat. Kacha)
6%
Jan Walczuk (Deluxe) Nie udaję, że już nie znam cię
6%
Jan Walczuk (Deluxe) Part II: Nie chcę tak żyć skit
6%
Jan Walczuk (Deluxe) Pasy lub top (feat. Czerwin TWM, OloSolo, Lewy BRD & Żaku PPS)
6%
Jan Walczuk (Deluxe) Skarb (feat. Klaudyna Okuszko)
6%
SOLOBEJBI Mixtape Solobejbi
6%
Janusz Walczuk Zobacz
6%
INAKOMA 7PM at Alsoors
0%
#ELPEBEJBE Bezczynność
0%
SOLOBEJBI Mixtape Chcę Jeszcze Więcej (feat. Pilon)
0%
INAKOMA Focus
0%
INAKOMA Fresh kicks (feat. Moli)
0%
SOLOBEJBI Mixtape From Jasiu To Janusz (Outro)
0%
SOLOBEJBI Mixtape Ghost Skit
0%
INAKOMA KO Cham
0%
SOLOBEJBI Mixtape Krystek Skit
0%
SOLOBEJBI Mixtape Kszano Skit
0%
SOLOBEJBI Mixtape LejtBejbi
0%
SOLOBEJBI Mixtape Let It Burn
0%
#ELPEBEJBE Licznik Geigera (feat. Solar & Białas)
0%
#ELPEBEJBE Melius Prospectu (feat. JQB)
0%
INAKOMA Melodramat (feat. Babsko)
0%
SOLOBEJBI Mixtape Milcz (feat. Diament & Lazy The Loser)
0%
SOLOBEJBI Mixtape Money Money Money (feat. Pilon & Dister)
0%
INAKOMA Nigdy
0%
#ELPEBEJBE Normalny unikat
0%
Jan Walczuk (Deluxe) Nuda Freestyle
0%
SOLOBEJBI Mixtape Ostatni Normalni (feat. Dister)
0%
SOLOBEJBI Mixtape Patent (feat. Pilon)
0%
SOLOBEJBI Mixtape Perfekcyjny Stan Upojenia
0%
SOLOBEJBI Mixtape Pętla Czasu (feat. Dister)
0%
INAKOMA Płacz
0%
#ELPEBEJBE Powrót do normalności (feat. Bułkowski & Pilu)
0%
Kendo Przepraszam za to jaki jestem
0%
SOLOBEJBI Mixtape Puste Ściany
0%
SOLOBEJBI Mixtape Się zmienia (feat. Pilon)
0%
INAKOMA Sny
0%
INAKOMA STRACH
0%
#ELPEBEJBE Świętuj z nami
0%
SOLOBEJBI Mixtape Synu (feat. Ghost)
0%
SOLOBEJBI Mixtape Teaser
0%
INAKOMA To my
0%
INAKOMA UWMK 2k19
0%
#ELPEBEJBE Widzę ich nie widzę ich (feat. Dister)
0%
Kendo Wszystko pykło
0%
Jan Walczuk (Deluxe) Zniknął jak stary sezam
0%
Nie znaleziono quizów pasujących do podanych kryteriów
Rozkład punktacji
Procent ludzi z każdym wynikiem
Percentyl według liczby udzielonych odpowiedzi
Twoja historia wyników
Nie rozwiązałeś tego quizu od ostatniego zresetowania